书目信息 |
| 题名: |
中国农业大事记
|
|
| 作者: | ;中国农业年鉴编辑部 编 | |
| 分册: | 1981~1983 | |
| 出版信息: | 北京 农业出版社 1985 |
|
| 页数: | 137页 | |
| 开本: | 19cm | |
| 丛书名: | ||
| 单 册: | ||
| 中图分类: | F32 | |
| 科图分类: | ||
| 主题词: | 农业--大事记--中国 | |
| 电子资源: | ||
| ISBN: | ||
| 000 | 00683nam0 2200241 45 | |
| 001 | 0185018856 | |
| 005 | 20040429102727.9 | |
| 010 | @dCNY2.30 | |
| 091 | @a4144.551 | |
| 100 | @a19951013d1985 em y0chiy0121 ea | |
| 101 | 0 | @achi |
| 102 | @aCN@b110000 | |
| 105 | @ay z 000yy | |
| 106 | @ar | |
| 200 | 10 | @a中国农业大事记@h1981~1983@Azhong guo nong ye da shi ji@f中国农业年鉴编辑部编 |
| 210 | @a北京@c农业出版社@d1985 | |
| 215 | @a137页@d19cm | |
| 606 | @a农业@x大事记@y中国 | |
| 690 | @aF32@v3 | |
| 711 | 02 | @a中国农业年鉴编辑部@4编@Azhong guo nong ye nian jian bian ji bu |
| 801 | 0 | @aCN@b深圳图书馆@c20040429 |
| 801 | 2 | @aCN@bNLC@c20040429 |
| 905 | @f1@b138276@dF32@e12 | |
| 中国农业大事记.1981~1983/中国农业年鉴编辑部编.-北京:农业出版社,1985 |
| 137页;19cm |
| ISBN :CNY2.30 |
| ● |
| 相关链接 |
|
|
|
|
正题名:中国农业大事记
索取号:F32/12
 
预约/预借
| 序号 | 登录号 | 条形码 | 馆藏地/架位号 | 状态 | 备注 |
| 1 | 0138276 | 000212237 | 密集书库/ [索取号:F32/12] | 在馆 | |
| 2 | 0138277 | 000212585 | 第一借阅区/ [索取号:F32/12] | 在馆 | |
| 3 | 0138278 | 000212193 | 第一样本阅览室/ [索取号:F32/12] | 在馆 |